000 00370nam a2200157Ia 4500
003 Ost
005 20260225132538.0
008 260225s9999||||xx |||||||||||||| ||und||
040 _cfsic
041 _afre
082 _a384
100 _aRoger muchille
_eAuteur
245 0 _aCommunication et réseaux de communication /
245 0 _cRoger muchille
942 _cكتاب
999 _c33313
_d33313